000 00642nam a22001817a 4500
010 _aENG-117045
020 _a9789352604647
_c195.00
035 _aEN-100577
037 _bDBAD/PUB
082 _a000
100 _aMishra,P.K.
245 _aSSC Civil engineering 20 mock test paper for Junior engineer recurment examination :
_cby P.K. Mishra
_bstaff selaction commission /
260 _aNew Delhi
_bMcgraw Hill Education
_c2017
270 _aB-4,Sector-63,Distt,Gautam Nagar
_bNoida
_e201301
300 _aVarious Pagings
_c23cm. (pbk)
490 _aTomorow's Victory is Today's Pratice
942 _2ddc
_cEN
_h000
_mMIS
999 _c105809
_d105809